000 00767naa a2200229 i 4500
001 69593
003 ES-MaBCM
005 20250206072555.0
008 000911s2000 esp 000 0 spa d
021 _axx
035 _a(OCoLC)1365130321
040 _cES-MaBCM
041 0 _aspa
043 _aesp
100 1 _aMansilla, H.C.F.
_928703
245 1 0 _aAlgunas insuficiencias de la democracia contemporánea
_b: (una crítica de las teorías de la transición latinoamericana)
_cH. C. F. Mansilla
650 7 _aÉlite política
_958512
650 2 7 _aCambio de régimen político
_957801
651 2 4 _aAmérica Latina
_9115440
773 0 _aEn:
_tRevista de estudios políticos
_dMadrid : 2000
_gn. 108, abr.-jun., p. 77-102. - Loc. S.14
_w104532
942 _cAREV
999 _c69593
_d69593